Sächsische Städte - Statistiken

Allgemein
  • Dieses Quiz wurde 141 mal gespielt
  • Das Durchschnittsergebnis liegt bei 12 aus 16
Answers on the Grid
Answers color-coded by a green-red scale on the quiz's grid according to % correct below.
Annaberg-Buchholz
Aschaffenburg
Bamberg
Bautzen
Chemnitz
Cottbus
Dresden
Freiberg
Freital
Gera
Glauchau
Görlitz
Goslar
Greifswald
Hainichen
Halle
Hoyerswerda
Jena
Kiel
Leipzig
Mainz
Neubrandenburg
Paderborn
Penig
Plauen
Stade
Tübingen
Waldenburg
Zittau
Zwickau
 
Antwortstatistiken
Antwort % Korrekt
Dresden
90%
Chemnitz
87%
Bautzen
84%
Annaberg-Buchholz
77%
Freital
77%
Zwickau
77%
Leipzig
75%
Zittau
75%
Görlitz
74%
Plauen
74%
Freiberg
70%
Glauchau
67%
Hoyerswerda
67%
4000 Einwohner; Westsachsen Waldenburg
65%
Penig
61%
Hainichen
60%
Keine übereinstimmenden Quizze gefunden
Verteilung der Resultate
Anzahl Personen mit jedem Resultat
Perzentil nach korrekt beantworteten Fragen
Ihre Resultats-Entwicklung
Sie haben dieses Quiz noch nicht gespielt